Egyptianization and elite emulation in Ramesside Palestine : governance and accommodation on the imperial periphery
Saved in:
| Main Author: | |
|---|---|
| Format: | Book |
| Language: | English |
| Published: |
Leiden; Boston; Koln :
Brill,
2000
|
| Series: | Culture and history of the ancient Near East ;
; 2 |
| Subjects: | |
| Tags: |
Add Tag
No Tags, Be the first to tag this record!
|
MARC
| LEADER | 00000nam a2200000 i 4500 | ||
|---|---|---|---|
| 001 | 1/72080 | ||
| 008 | 080123s2000 eng d | ||
| 020 | |a 90-04-11768-7 (hbk.) | ||
| 022 | |a 15662055 | ||
| 035 | |l 10094056 | ||
| 040 | |a GR-MY-UA |b gre |e aacr | ||
| 041 | 0 | |a eng | |
| 082 | 0 | |a 933 |2 (22) | |
| 100 | 1 | |a Higginbotham, Carolyn R. | |
| 245 | 1 | 0 | |a Egyptianization and elite emulation in Ramesside Palestine : |b governance and accommodation on the imperial periphery / |c by Carolyn R. Higginbotham |
| 260 | |a Leiden; Boston; Koln : |b Brill, |c 2000 | ||
| 300 | |a xiii, 336 σ.; |b χάρτες, σχέδια; |c 24 εκ. | ||
| 490 | 1 | |a Culture and history of the ancient Near East |v ; 2 | |
| 504 | |a Βιβλιογραφία: σ. [303]-328. Ευρετήριο | ||
| 651 | 0 | |a Palestine |x Antiquities. | |
| 651 | 0 | |a Palestine |x History |y To 70 A.D. | |
| 651 | 0 | |a Egypt |x History |y Eighteenth dynasty, ca. 1570-1320 B.C. | |
| 651 | 0 | |a Egypt |x History |x Nineteenth dynasty, ca. 1320-1200 B.C. | |
| 830 | 0 | |a Culture and history of the ancient Near East ; |v ; 2 | |
| 852 | |a INST |b RHODES |e 20080123 |h 933 HIG |p 005400030198 |q 005400030198 |t BK |y 0 | ||
| 901 | |a BIBL4-2008-1 | ||
| 909 | |a Ρ |b 143992 | ||
| 922 | |a 4ΕΛΗ |b 200801 |c ΕΠΕΑΕΚ2/ΤΜΣ |d ΠΑΠΑΣΩΤΗΡΙΟΥ | ||
| 970 | |a ΧΑΡΙΟΠΟΛΙΤΟΥ |b ΚΩΝΣΤΑΝΤΙΝΑ |z 2008/01/23 | ||